[Event "Mecklenburg VP LL 1617"]
[Site "Mecklenburg VP"]
[Date "2017.03.19"]
[Round "7.7"]
[White "Borchert, Ulf"]
[Black "Haase, Sebastian"]
[Result "1/2-1/2"]
[WhiteElo "1830"]
[BlackElo "1726"]
[PlyCount "56"]
[EventDate "2016.10.16"]
[EventType "team-tourn"]
[EventRounds "9"]
[EventCountry "GER"]
[SourceTitle "EXT 2022"]
[Source "ChessBase"]
[SourceDate "2021.10.06"]
[SourceVersion "1"]
[SourceVersionDate "2021.10.06"]
[SourceQuality "1"]
[WhiteTeam "Wismar ASV Gruen-Weiss"]
[BlackTeam "Grevesmuehlen Blau Weiss"]
[WhiteTeamCountry "GER"]
[BlackTeamCountry "GER"]

1. d4 Nf6 2. Nf3 g6 3. Bf4 Bg7 4. e3 d6 5. Bd3 0-0 6. h3 Nfd7 7. c3 e5 8. dxe5 dxe5 9. Bg3 Re8 10. Bc4 Nb6 11. Qxd8 Rxd8 12. Bb3 Nc6 13. Nbd2 h6 14. 0-0 Bf5 15. e4 Bd7 16. Rad1 Be8 17. Nc4 Nxc4 18. Bxc4 Kf8 19. Bd5 f6 20. Nd2 Bf7 21. Bxf7 Kxf7 22. Nc4 Ke8 23. Ne3 Ne7 24. f4 Rxd1 25. Rxd1 Rd8 26. Rxd8+ Kxd8 27. fxe5 fxe5 28. Nc4 Nc6 1/2-1/2

[Event "Mecklenburg VP VL 1516"]
[Site "Mecklenburg VP"]
[Date "2015.11.15"]
[Round "3.6"]
[White "Borchert, Ulf"]
[Black "Helms, Sven"]
[Result "0-1"]
[WhiteElo "1822"]
[BlackElo "1941"]
[PlyCount "89"]
[EventDate "2015.09.20"]
[EventType "team-tourn"]
[EventRounds "9"]
[EventCountry "GER"]
[SourceTitle "EXT 2022"]
[Source "ChessBase"]
[SourceDate "2021.10.06"]
[SourceVersion "1"]
[SourceVersionDate "2021.10.06"]
[SourceQuality "1"]
[WhiteTeam "Wismar ASV Gruen-Weiss"]
[BlackTeam "Schwerin SF III"]
[WhiteTeamCountry "GER"]
[BlackTeamCountry "GER"]

1. d4 e6 2. Nf3 f5 3. g3 Nf6 4. Bg2 d5 5. Bf4 Be7 6. Nbd2 0-0 7. 0-0 c5 8. c3 Nc6 9. e3 Bd7 10. Ne5 Nxe5 11. Bxe5 Qb6 12. Qb3 Qxb3 13. axb3 Bc6 14. Nf3 Nd7 15. dxc5 Nxc5 16. Nd2 Nd7 17. Nf3 Bb5 18. Rfe1 Nxe5 19. Nxe5 Bf6 20. f4 Bxe5 21. fxe5 a5 22. Rec1 Bc6 23. c4 Rfd8 24. cxd5 Bxd5 25. Bxd5 Rxd5 26. Rc7 b6 27. Rac1 Rad8 28. R1c2 Rd1+ 29. Kf2 R8d2+ 30. Rxd2 Rxd2+ 31. Kf3 Rxb2 32. Rc6 Rxb3 33. Rxe6 Kf7 34. Rc6 a4 35. Kf4 g6 36. Rc7+ Ke6 37. Rxh7 Rb4+ 38. Kf3 Kxe5 39. Rg7 g5 40. Ra7 g4+ 41. Kf2 Ke4 42. h4 gxh3 43. Kg1 Kxe3 44. Kh2 f4 45. gxf4 0-1

[Event "GER-chT Seniors 23rd"]
[Site "Bergen"]
[Date "2014.09.05"]
[Round "6.3"]
[White "Liebscher, Helmar"]
[Black "Borchert, Ulf"]
[Result "1-0"]
[WhiteElo "2095"]
[BlackElo "2020"]
[PlyCount "51"]
[EventDate "2014.09.01"]
[EventType "team-swiss"]
[EventRounds "7"]
[EventCountry "GER"]
[SourceTitle "EXT 2018"]
[Source "ChessBase"]
[SourceDate "2017.10.13"]
[SourceVersion "1"]
[SourceVersionDate "2017.10.13"]
[SourceQuality "1"]

1. e4 c5 2. Nf3 e6 3. d4 cxd4 4. Nxd4 Nf6 5. Nc3 d6 6. Be3 a6 7. f3 Be7 8. g4 Nfd7 9. Qd2 Bh4+ 10. Bf2 Bxf2+ 11. Qxf2 Qb6 12. 0-0-0 e5 13. Nd5 Qd8 14. Nf5 0-0 15. Nxd6 Nc6 16. h4 Nf6 17. Nb6 Nd4 18. Ndxc8 Rxc8 19. Nxc8 Qxc8 20. Kb1 b5 21. c3 Ne6 22. Bd3 Nd7 23. Bc2 Nf4 24. h5 f6 25. h6 g6 26. Qa7 1-0

[Event "Mecklenburg VP LL2 West 1314"]
[Site "Mecklenburg VP"]
[Date "2014.01.19"]
[Round "5.5"]
[White "Borchert, Ulf"]
[Black "Mitscherling, Reinhard"]
[Result "1/2-1/2"]
[WhiteElo "1872"]
[BlackElo "1837"]
[PlyCount "67"]
[EventDate "2013.10.27"]
[EventType "team-tourn"]
[EventRounds "9"]
[EventCountry "GER"]
[SourceTitle "EXT 2022"]
[Source "ChessBase"]
[SourceDate "2021.10.06"]
[SourceVersion "1"]
[SourceVersionDate "2021.10.06"]
[SourceQuality "1"]
[WhiteTeam "Wismar ASV Gruen-Weiss"]
[BlackTeam "Ludwigslust Post SV"]
[WhiteTeamCountry "GER"]
[BlackTeamCountry "GER"]

1. d4 f5 2. Nf3 Nf6 3. Nc3 d5 4. Bg5 e6 5. e3 Be7 6. Ne5 0-0 7. Be2 Nbd7 8. Nxd7 Bxd7 9. f3 b6 10. 0-0 c5 11. Ba6 Rb8 12. Bf4 b5 13. Bxb8 Qxb8 14. a4 b4 15. Nb1 c4 16. b3 c3 17. a5 Bb5 18. Bxb5 Qxb5 19. Qd3 Qxd3 20. cxd3 Rc8 21. Rc1 Rb8 22. Nxc3 bxc3 23. Rxc3 Ne8 24. Rb1 Kf7 25. Rc6 Bb4 26. a6 Ke7 27. Rc2 Rb6 28. Ra2 Kd7 29. Ra4 g5 30. Kf2 Nc7 31. g3 Kc6 32. Rc1+ Kd7 33. Rb1 Kc6 34. Rc1+ 1/2-1/2

[Event "Mecklenburg VP VL 1213"]
[Site "Mecklenburg VP"]
[Date "2013.04.28"]
[Round "9.7"]
[White "Borchert, Ulf"]
[Black "Hueneburg, Christian"]
[Result "1/2-1/2"]
[WhiteElo "1853"]
[BlackElo "2081"]
[PlyCount "33"]
[EventDate "2012.10.14"]
[EventType "team-tourn"]
[EventRounds "9"]
[EventCountry "GER"]
[SourceTitle "EXT 2022"]
[Source "ChessBase"]
[SourceDate "2021.10.06"]
[SourceVersion "1"]
[SourceVersionDate "2021.10.06"]
[SourceQuality "1"]
[WhiteTeam "Wismar ASV Gruen-Weiss"]
[BlackTeam "Schwerin SF"]
[WhiteTeamCountry "GER"]
[BlackTeamCountry "GER"]

1. d4 Nf6 2. Nf3 c5 3. c3 b6 4. Bf4 Ba6 5. g3 Nh5 6. Bxb8 Rxb8 7. Bg2 e6 8. 0-0 Be7 9. Re1 0-0 10. e4 Nf6 11. Nbd2 d5 12. e5 Ne8 13. Rc1 Qd7 14. Bh3 Nc7 15. Nf1 h6 16. N3d2 Bd3 17. f4 1/2-1/2

[Event "Mecklenburg VP LL2 West 1112"]
[Site "Mecklenburg VP"]
[Date "2012.01.15"]
[Round "5.2"]
[White "Schmidt, Joerg"]
[Black "Borchert, Ulf"]
[Result "1/2-1/2"]
[WhiteElo "1906"]
[BlackElo "1842"]
[PlyCount "29"]
[EventDate "2011.10.02"]
[EventType "team-tourn"]
[EventRounds "9"]
[EventCountry "GER"]
[SourceTitle "EXT 2022"]
[Source "ChessBase"]
[SourceDate "2021.10.06"]
[SourceVersion "1"]
[SourceVersionDate "2021.10.06"]
[SourceQuality "1"]
[WhiteTeam "Malchow Schachinsel"]
[BlackTeam "Wismar ASV Gruen-Weiss II"]
[WhiteTeamCountry "GER"]
[BlackTeamCountry "GER"]

1. c4 e6 2. Nc3 f5 3. g3 Nf6 4. Bg2 Nc6 5. d4 Bb4 6. Bg5 h6 7. Bxf6 Qxf6 8. e3 0-0 9. Nge2 e5 10. 0-0 Bxc3 11. bxc3 d6 12. Rb1 g5 13. f4 gxf4 14. gxf4 e4 15. Ng3 1/2-1/2

[Event "Mecklenburg VP VL 1011"]
[Site "Mecklenburg VP"]
[Date "2010.12.12"]
[Round "4.3"]
[White "Borchert, Ulf"]
[Black "Hubert, Peter"]
[Result "1/2-1/2"]
[WhiteElo "1858"]
[BlackElo "1989"]
[PlyCount "45"]
[EventDate "2010.10.10"]
[EventType "team-tourn"]
[EventRounds "9"]
[EventCountry "GER"]
[SourceTitle "EXT 2022"]
[Source "ChessBase"]
[SourceDate "2021.10.06"]
[SourceVersion "1"]
[SourceVersionDate "2021.10.06"]
[SourceQuality "1"]
[WhiteTeam "Wismar ASV Gruen-Weiss"]
[BlackTeam "Stralsund FHSG"]
[WhiteTeamCountry "GER"]
[BlackTeamCountry "GER"]

1. d4 Nf6 2. Bf4 e6 3. Nf3 c5 4. c3 cxd4 5. Nxd4 a6 6. e3 Be7 7. Bd3 d6 8. Bg3 Nc6 9. 0-0 0-0 10. Nd2 g6 11. e4 Nh5 12. Nxc6 bxc6 13. Be2 Nxg3 14. hxg3 d5 15. Qc2 a5 16. b3 Qb6 17. Bd3 Bf6 18. Rae1 Bd7 19. Kh2 e5 20. c4 d4 21. Rb1 c5 22. f4 Qc7 23. f5 1/2-1/2

[Event "Mecklenburg VP LL2 West 0910"]
[Site "Mecklenburg VP"]
[Date "2010.04.11"]
[Round "9.3"]
[White "Roethel, Diethardt"]
[Black "Borchert, Ulf"]
[Result "1/2-1/2"]
[WhiteElo "1492"]
[BlackElo "1899"]
[PlyCount "45"]
[EventDate "2009.10.18"]
[EventType "team-tourn"]
[EventRounds "9"]
[EventCountry "GER"]
[SourceTitle "EXT 2016"]
[Source "ChessBase"]
[SourceDate "2015.10.08"]
[SourceVersion "1"]
[SourceVersionDate "2015.10.08"]
[SourceQuality "1"]
[WhiteTeam "Wismar ASV Gruen-Weiss II"]
[BlackTeam "Neukloster IV"]
[WhiteTeamCountry "GER"]
[BlackTeamCountry "GER"]

1. c4 e6 2. d4 b6 3. Nc3 Bb4 4. Qd3 Bb7 5. Nf3 Ne7 6. a3 Bxc3+ 7. bxc3 0-0 8. Bg5 Qe8 9. e3 f6 10. Bf4 d6 11. Qc2 e5 12. Bg3 e4 13. Nd2 f5 14. Be2 Nd7 15. Bf4 h6 16. h4 Ng6 17. g3 Nf6 18. Qd1 Qe6 19. h5 Ne7 20. Rh4 Bc8 21. d5 Qd7 22. Nb3 c6 23. dxc6 1/2-1/2

[Event "Mecklenburg VP LL2 West 0910"]
[Site "Mecklenburg VP"]
[Date "2010.03.28"]
[Round "6.4"]
[White "Ramm, Joachim"]
[Black "Borchert, Ulf"]
[Result "0-1"]
[WhiteElo "1675"]
[BlackElo "1899"]
[PlyCount "64"]
[EventDate "2009.10.18"]
[EventType "team-tourn"]
[EventRounds "9"]
[EventCountry "GER"]
[SourceTitle "EXT 2016"]
[Source "ChessBase"]
[SourceDate "2015.10.08"]
[SourceVersion "1"]
[SourceVersionDate "2015.10.08"]
[SourceQuality "1"]
[WhiteTeam "Parchim SV Blau-Weiss 69"]
[BlackTeam "Neukloster III"]
[WhiteTeamCountry "GER"]
[BlackTeamCountry "GER"]

1. e4 c6 2. d4 d5 3. exd5 cxd5 4. Nf3 Nf6 5. Bd3 e6 6. 0-0 Bd6 7. Bg5 b6 8. Nbd2 0-0 9. c3 Ba6 10. Bxa6 Nxa6 11. Ne5 h6 12. Nc6 Qc7 13. Bxf6 gxf6 14. Nb4 Nxb4 15. cxb4 Bxh2+ 16. Kh1 Bd6 17. Rc1 Qe7 18. Rc3 Kh7 19. Rh3 Rg8 20. Nf3 f5 21. Qd2 Qf6 22. g3 f4 23. Qd3+ Qg6 24. Ng5+ Kg7 25. Qxg6+ Kxg6 26. Nf3 fxg3 27. Rg1 Rac8 28. fxg3 Rc2 29. g4 f6 30. Nh4+ Kg7 31. Re1 Kf7 32. Rhe3 Rxg4 0-1

[Event "Mecklenburg VP LL2 West 0910"]
[Site "Mecklenburg VP"]
[Date "2009.11.15"]
[Round "2.5"]
[White "Borchert, Ulf"]
[Black "Roethel, Diethardt"]
[Result "1-0"]
[WhiteElo "1899"]
[BlackElo "1492"]
[PlyCount "38"]
[EventDate "2009.10.18"]
[EventType "team-tourn"]
[EventRounds "9"]
[EventCountry "GER"]
[SourceTitle "EXT 2016"]
[Source "ChessBase"]
[SourceDate "2015.10.08"]
[SourceVersion "1"]
[SourceVersionDate "2015.10.08"]
[SourceQuality "1"]
[WhiteTeam "Neukloster III"]
[BlackTeam "Wismar ASV Gruen-Weiss II"]
[WhiteTeamCountry "GER"]
[BlackTeamCountry "GER"]

1. d4 Nf6 2. Nf3 b6 3. c3 Bb7 4. Bg5 e6 5. Nbd2 Be7 6. e3 0-0 7. Bd3 d5 8. 0-0 Nbd7 9. Re1 c5 10. Rc1 c4 11. Bb1 h6 12. Bh4 Rc8 13. Bxf6 Nxf6 14. Ne5 Bd6 15. Qc2 Qc7 16. Ng4 Ne4 17. f3 f5 18. fxe4 fxg4 19. e5 Be7 1-0